| 000 | 00405nam a2200145 a 4500 | ||
|---|---|---|---|
| 001 | 5721 | ||
| 003 | CDMR | ||
| 005 | 20151016124801.0 | ||
| 008 | 130130s ||||||||||||||||||||||||||||d | ||
| 040 |
_aCDMR _bcat _cCPC LLEIDA |
||
| 110 |
_9133 _aCol·legi de Periodistes de Catalunya |
||
| 245 | 0 |
_aManual d'estil sobre el tractament de les minories ètniques _cCPC |
|
| 260 |
_aBarcelopna _bCPC |
||
| 942 |
_cMON _2ddc |
||
| 999 |
_c5721 _d5721 |
||